Journal Of Marketing Research (Record no. 42348)

MARC details
000 -LEADER
fixed length control field 00334nam a22001337a 4500
008 - FIXED-LENGTH DATA ELEMENTS--GENERAL INFORMATION
fixed length control field 241016b |||||||| |||| 00| 0 eng d
022 ## - INTERNATIONAL STANDARD SERIAL NUMBER
International Standard Serial Number 00222437
041 ## - LANGUAGE CODE
Language code of text/sound track or separate title Eng
245 ## - TITLE STATEMENT
Title Journal Of Marketing Research
260 ## - PUBLICATION, DISTRIBUTION, ETC.
Place of publication, distribution, etc. Dehli
Name of publisher, distributor, etc. Sage Publication
Date of publication, distribution, etc. 2024
300 ## - PHYSICAL DESCRIPTION
Extent 184p
856 ## - ELECTRONIC LOCATION AND ACCESS
Uniform Resource Identifier <a href="journals.sagepub.com/home/mrj">journals.sagepub.com/home/mrj</a>
942 ## - ADDED ENTRY ELEMENTS (KOHA)
Koha item type Serial
Holdings
Withdrawn status Lost status Source of classification or shelving scheme Damaged status Not for loan Home library Current library Date acquired Serial Enumeration / chronology Total Checkouts Barcode Date last seen Price effective from Koha item type
    Dewey Decimal Classification     IMTN IMTN 10/16/2024 Vol. 61, No. 1   P86 10/16/2024 10/16/2024 Serial
    Dewey Decimal Classification     IMTN IMTN 10/16/2024 Vol. 61, No. 2   P87 10/16/2024 10/16/2024 Serial
    Dewey Decimal Classification     IMTN IMTN 10/16/2024 Vol. 61, No. 3   P88 10/16/2024 10/16/2024 Serial
    Dewey Decimal Classification     IMTN IMTN 10/16/2024 Vol. 61, No. 4   P89 10/16/2024 10/16/2024 Serial
    Dewey Decimal Classification     IMTN IMTN 12/02/2024 Vol. 61, No. 5   P109 12/02/2024 12/02/2024 Serial
    Dewey Decimal Classification     IMTN IMTN 04/26/2025 Vol. 61, No. 6   P 155 04/26/2025 04/26/2025 Serial
    Dewey Decimal Classification     IMTN IMTN 11/03/2025 Vol. 62, No. 1   P988 11/03/2025 11/03/2025 Serial
    Dewey Decimal Classification     IMTN IMTN 11/03/2025 Vol. 62, No. 2   P989 11/03/2025 11/03/2025 Serial
    Dewey Decimal Classification     IMTN IMTN 11/03/2025 Vol. 62, No. 3   P990 11/03/2025 11/03/2025 Serial
    Dewey Decimal Classification     IMTN IMTN 11/03/2025 Vol. 62, No. 4   P991 11/03/2025 11/03/2025 Serial
    Dewey Decimal Classification     IMTN IMTN 11/25/2025 Vol. 62, No. 5   P1040 11/25/2025 11/25/2025 Serial
Designed & Maintained by: LRC IMT Nagpur Contact: lrc@imtnag.ac.in© 2024. All Rights Reserved.